|
|
|
|
| LEADER |
00770nab#a2200301#ar4500 |
| 001 |
000032011 |
| 003 |
SVKKK |
| 005 |
00000000000000.0 |
| 008 |
c xo e sloo |
| FMT |
|
|
|
| 038 |
|
|
|a SVKKK
|
| 040 |
|
|
|a SVKKK
|b slo
|e AACR2
|
| 041 |
0 |
|
|a slo
|
| 044 |
|
|
|a xo
|c SK
|
| 080 |
|
|
|a 632.12
|2 1981
|
| 080 |
|
|
|a 633.
|2 1981
|
| 100 |
0 |
|
|a oš
|4 aut
|
| 245 |
1 |
0 |
|a Oziminy žltnú, odumierajú
|c oš ,
|
| 650 |
0 |
4 |
|a oziminy
|
| 650 |
0 |
4 |
|a výroba poľnohospodárska
|z Trebišov-okres
|x záplavy
|x následky
|x úroda poškodená
|x informácie
|
| 773 |
0 |
|
|t Košický denník
|g Roč. 1, č. 39(1999), dát. 0522, s. 12
|
| 957 |
|
|
|a Trebišov-okres
|
| 958 |
|
|
|a TV
|
| 974 |
|
|
|d 990929
|a SAB
|
| 992 |
|
|
|a RBX
|
| BAS |
|
|
|
| 852 |
|
|
|a SVKKK
|b BIB
|
| 998 |
|
|
|a REG
|